MARC

LEADER 00000nmm0a2200000 4500
001 140110
005 20231031141950.0
010 |a 9780120884056 
035 |a (RuTPU)RU\TPU\book\151781 
090 |a 140110 
100 |a 20080620d2006 k y0engy50 ba 
101 0 |a eng 
102 |a US 
105 |a a z 001zy 
200 1 |a Power Electronics and Motor Drives. Advances and Trends  |f B. K. Bose 
210 |a New York  |c Elsevier  |d 2006 
215 |a 917 p.  |c il.  |e CD-ROM 
320 |a Библиография в конце частей. 
320 |a Index: p. 901-917. 
610 1 |a силовая электроника 
610 1 |a электрическая энергия 
610 1 |a преобразование 
610 1 |a преобразователи 
610 1 |a силовые тиристоры 
610 1 |a электроприводы 
610 1 |a английский язык 
675 |a 621.314.632  |v 3 
675 |a 62-83  |v 3 
700 1 |a Bose  |b B. K.  |g Bimal K. 
801 1 |a RU  |b 63413507  |c 20080620  |g PSBO 
801 2 |a RU  |b 63413507  |c 20190322  |g PSBO 
942 |c MX